[Event "Stay Safe Play From Home 175"]
[Site "T#646355Emanuel Laske"]
[Date "2020.05.26"]
[Round "3"]
[White "Fischer_11"]
[Black "Justwatch"]
[Result "1/2-1/2"]
[WhiteElo "1902"]
[BlackElo "1709"]
[Annotator "NA"]
[PlyCount "146"]
[EventDate "2020.05.26"]
[EventType "swiss (blitz)"]

1. e4 {[%emt 0:00:03]} Nf6 {[%emt 0:00:00]} 2. Nc3 {[%emt 0:00:01]} e5 {[%emt 0:00:01]} 3. Bc4 {[%emt 0:00:01]} d6 {[%emt 0:00:00]} 4. d3 {[%emt 0:00:01]} Nc6 {[%emt 0:00:00]} 5. f4 {[%emt 0:00:00]} Bg4 {[%emt 0:00:00]} 6. Nf3 {[%emt 0:00:01]} Nd4 {[%emt 0:00:01]} 7. h3 {[%emt 0:00:03]} Bxf3 {[%emt 0:00:00]} 8. gxf3 {[%emt 0:00:00]} exf4 {[%emt 0:00:01]} 9. Bxf4 {[%emt 0:00:01]} c5 {[%emt 0:00:00]} 10. Bg5 {[%emt 0:00:02]} Be7 {[%emt 0:00:01]} 11. Rf1 {[%emt 0:00:11]} h6 {[%emt 0:00:01]} 12. Bh4 {[%emt 0:00:01]} Nh5 {[%emt 0:00:01]} 13. Bf2 {[%emt 0:00:02]} Nf4 {[%emt 0:00:02]} 14. Bxd4 {[%emt 0:00:01]} cxd4 {[%emt 0:00:01]} 15. Ne2 {[%emt 0:00:01]} Bg5 {[%emt 0:00:01]} 16. h4 {[%emt 0:00:05]} Nxe2 {[%emt 0:00:02]} 17. Qxe2 {[%emt 0:00:02]} Bf4 {[%emt 0:00:00]} 18. Rg1 {[%emt 0:00:03]} g6 {[%emt 0:00:02]} 19. Qf2 {[%emt 0:00:02]} Be3 {[%emt 0:00:02]} 20. Qg2 {[%emt 0:00:01]} Qf6 {[%emt 0:00:02]} 21. Rf1 {[%emt 0:00:03]} O-O-O {[%emt 0:00:02]} 22. Ke2 {[%emt 0:00:02]} Qf4 {[%emt 0:00:01]} 23. Qg4+ {[%emt 0:00:01]} Qxg4 {[%emt 0:00:03]} 24. fxg4 {[%emt 0:00:00]} h5 {[%emt 0:00:01]} 25. g5 {[%emt 0:00:01]} Rhf8 {[%emt 0:00:02]} 26. Rxf7 {[%emt 0:00:02]} Rxf7 {[%emt 0:00:01]} 27. Bxf7 {[%emt 0:00:00]} Rf8 {[%emt 0:00:02]} 28. Rf1 {[%emt 0:00:00]} Rxf7 {[%emt 0:00:01]} 29. Rxf7 {[%emt 0:00:01]} Bg1 {[%emt 0:00:01]} 30. Rf6 {[%emt 0:00:01]} Bh2 {[%emt 0:00:00]} 31. Rxg6 {[%emt 0:00:01]} Bg3 {[%emt 0:00:00]} 32. Rh6 {[%emt 0:00:01]} Bxh4 {[%emt 0:00:00]} 33. Rxh5 {[%emt 0:00:00]} Bxg5 {[%emt 0:00:00]} 34. Rxg5 {[%emt 0:00:01]} Kc7 {[%emt 0:00:00]} 35. Rd5 {[%emt 0:00:01]} Kc6 {[%emt 0:00:00]} 36. Rxd4 {[%emt 0:00:00]} b6 {[%emt 0:00:01]} 37. Rd5 {[%emt 0:00:00]} b5 {[%emt 0:00:01]} 38. Rh5 {[%emt 0:00:00]} b4 {[%emt 0:00:00]} 39. c3 {[%emt 0:00:00]} bxc3 {[%emt 0:00:01]} 40. bxc3 {[%emt 0:00:00]} a5 {[%emt 0:00:00]} 41. Kd2 {[%emt 0:00:00]} a4 {[%emt 0:00:00]} 42. Kc2 {[%emt 0:00:00]} a3 {[%emt 0:00:00]} 43. d4 {[%emt 0:00:00]} d5 {[%emt 0:00:01]} 44. Kd3 {[%emt 0:00:00]} dxe4+ {[%emt 0:00:00]} 45. Kxe4 {[%emt 0:00:00]} Kb6 {[%emt 0:00:00]} 46. Kd3 {[%emt 0:00:00]} Ka6 {[%emt 0:00:00]} 47. c4 {[%emt 0:00:00]} Kb6 {[%emt 0:00:00]} 48. Rh6+ {[%emt 0:00:00]} Kc7 {[%emt 0:00:01]} 49. Kc3 {[%emt 0:00:00]} Kd8 {[%emt 0:00:00]} 50. Kb3 {[%emt 0:00:00]} Ke8 {[%emt 0:00:00]} 51. Kxa3 {[%emt 0:00:00]} Kf8 {[%emt 0:00:00]} 52. Kb3 {[%emt 0:00:00]} Kg7 {[%emt 0:00:00]} 53. Kb4 {[%emt 0:00:00]} Kxh6 {[%emt 0:00:01]} 54. d5 {[%emt 0:00:00]} Kg6 {[%emt 0:00:00]} 55. c5 {[%emt 0:00:00]} Kf5 {[%emt 0:00:00]} 56. Kb5 {[%emt 0:00:00]} Ke4 {[%emt 0:00:00]} 57. Kb6 {[%emt 0:00:00]} Kd3 {[%emt 0:00:00]} 58. c6 {[%emt 0:00:00]} Kc2 {[%emt 0:00:00]} 59. c7 {[%emt 0:00:00]} Kb2 {[%emt 0:00:00]} 60. c8=Q {[%emt 0:00:00]} Kxa2 {[%emt 0:00:00]} 61. d6 {[%emt 0:00:00]} Kb2 {[%emt 0:00:00]} 62. d7 {[%emt 0:00:00]} Ka2 {[%emt 0:00:01]} 63. Kc7 {[%emt 0:00:00]} Kb2 {[%emt 0:00:00]} 64. Qb7+ {[%emt 0:00:00]} Kc2 {[%emt 0:00:01]} 65. Kc6 {[%emt 0:00:00]} Kc1 {[%emt 0:00:00]} 66. Kc5 {[%emt 0:00:00]} Kc2 {[%emt 0:00:00]} 67. d8=Q {[%emt 0:00:00]} Kc1 {[%emt 0:00:00]} 68. Kc6 {[%emt 0:00:00]} Kc2 {[%emt 0:00:00]} 69. Kc7 {[%emt 0:00:00]} Kc3 {[%emt 0:00:00]} 70. Kb8 {[%emt 0:00:00]} Kc4 {[%emt 0:00:00]} 71. Qdc8+ {[%emt 0:00:00]} Kd4 {[%emt 0:00:00]} 72. Qc4+ {[%emt 0:00:01]} Ke3 {[%emt 0:00:01]} 73. Qbb5 {[%emt 0:00:00]} Kf2 {[%emt 0:00:00] Zeit (Lag: Av=0.38s, max=0.6s)} 1/2-1/2

[Event "Stay Safe Play From Home 175"]
[Site "T#646355Emanuel Laske"]
[Date "2020.05.26"]
[Round "3"]
[White "matanant"]
[Black "SoulofWolf"]
[Result "0-1"]
[WhiteElo "1690"]
[BlackElo "2206"]
[Annotator "TA"]
[PlyCount "54"]
[EventDate "2020.05.26"]
[EventType "swiss (blitz)"]

{[%evp 10,54,6,-8,8,9,8,-8,-6,-12,-15,-39,-14,-24,-17,-31,-30,-24,-22,-29,0,-4,-7,-318,0,-196,-198,-284,-281,-459,-194,-502,-214,-229,-168,-202,-211,-259,-247,-418,-418,-753,-736,-750,-750,-2245,-2205]} 1. b3 e6 2. Bb2 Nf6 3. e3 d5 4. f4 g6 5. Nf3 Bg7 6. Be2 Nbd7 {A03: Bird's Opening with 1...d5.} 7. O-O c5 {[#]} 8. Bb5 $146 ({Predecessor:} 8. Qe1 Qc7 9. Qh4 b6 10. a4 Bb7 11. Bb5 Bc6 12. Bxc6 Qxc6 13. Ne5 Nxe5 14. Bxe5 {1-0 (39) Heinrich,K (1844)-Sauter,B (1421) Ulm/Neu Ulm 2004}) 8... O-O {The position is equal.} 9. Bxd7 Bxd7 10. Ne5 a6 11. c4 Be8 12. d4 cxd4 13. Bxd4 Ne4 14. Nd2 Nd6 15. c5 Nf5 $36 {[%mdl 2048] White is under pressure.} 16. Bb2 $2 {[%mdl 8192] [#]} (16. Ndf3 $11) 16... h5 $2 (16... Nxe3 $19 17. Qe1 Nc2) 17. Ndf3 $2 (17. Re1 $11 {and White stays safe.}) 17... Nxe3 $19 18. Qd3 (18. Qd2 $142 Nxf1 19. Rxf1) 18... Nxf1 19. Rxf1 $2 (19. Qxf1 {was called for.} Rc8 20. Qd3) 19... Rc8 (19... Bb5 $142 20. Qd2 Bxf1 21. Kxf1 Qf6) 20. b4 $2 {[#]} (20. Rc1) 20... a5 (20... Bb5 $142 21. Qd1 Bxf1 22. Qxf1 a5) 21. a3 Ba4 22. Bd4 Qe8 23. Ra1 Bb5 24. Qe3 $2 (24. Qc2 {is a better defense.}) 24... f6 25. Qb3 (25. Nd3 $142) 25... fxe5 {Black is clearly winning.} 26. fxe5 Bc4 27. a4 Bxb3 {Accuracy: White = 38%, Black = 50%.} 0-1

[Event "Stay Safe Play From Home 175"]
[Site "T#646355Emanuel Laske"]
[Date "2020.05.26"]
[Round "3"]
[White "Haris kollari 13"]
[Black "Haxhi Baha"]
[Result "1-0"]
[WhiteElo "1666"]
[BlackElo "1945"]
[Annotator "NA"]
[PlyCount "67"]
[EventDate "2020.05.26"]
[EventType "swiss (blitz)"]

1. e4 {[%emt 0:00:01]} e6 {[%emt 0:00:01]} 2. f4 {[%emt 0:00:01]} d5 {[%emt 0:00:00]} 3. e5 {[%emt 0:00:01]} c5 {[%emt 0:00:01]} 4. Nf3 {[%emt 0:00:00]} Nc6 {[%emt 0:00:00]} 5. b3 {[%emt 0:00:00]} Qb6 {[%emt 0:00:01]} 6. Bb2 {[%emt 0:00:01]} d4 {[%emt 0:00:00]} 7. d3 {[%emt 0:00:01]} Bd7 {[%emt 0:00:01]} 8. Nbd2 {[%emt 0:00:01]} Nge7 {[%emt 0:00:01]} 9. Nc4 {[%emt 0:00:01]} Nd5 {[%emt 0:00:02]} 10. Nxb6 {[%emt 0:00:01]} axb6 {[%emt 0:00:00]} 11. Be2 {[%emt 0:00:01]} Nxf4 {[%emt 0:00:01]} 12. O-O {[%emt 0:00:01]} Nd5 {[%emt 0:00:01]} 13. Qd2 {[%emt 0:00:01]} Be7 {[%emt 0:00:01]} 14. c3 {[%emt 0:00:01]} dxc3 {[%emt 0:00:03]} 15. Bxc3 {[%emt 0:00:01]} O-O {[%emt 0:00:01]} 16. Rac1 {[%emt 0:00:02]} Rac8 {[%emt 0:00:02]} 17. Ba1 {[%emt 0:00:01]} b5 {[%emt 0:00:01]} 18. d4 {[%emt 0:00:01]} cxd4 {[%emt 0:00:01]} 19. Nxd4 {[%emt 0:00:01]} Nxe5 {[%emt 0:00:07]} 20. Nxb5 {[%emt 0:00:01]} Bxb5 {[%emt 0:00:02]} 21. Rxc8 {[%emt 0:00:02]} Rxc8 {[%emt 0:00:03]} 22. Bxb5 {[%emt 0:00:01]} Bc5+ {[%emt 0:00:02]} 23. Kh1 {[%emt 0:00:02]} Ng6 {[%emt 0:00:01]} 24. Bc4 {[%emt 0:00:02]} Nge7 {[%emt 0:00:01]} 25. Be5 {[%emt 0:00:03]} Nf6 {[%emt 0:00:02]} 26. Bxf6 {[%emt 0:00:01]} gxf6 {[%emt 0:00:00]} 27. Qf4 {[%emt 0:00:01]} Ng6 {[%emt 0:00:03]} 28. Qxf6 {[%emt 0:00:01]} Rc7 {[%emt 0:00:00]} 29. Bxe6 {[%emt 0:00:01]} fxe6 {[%emt 0:00:02]} 30. Qd8+ {[%emt 0:00:01]} Kg7 {[%emt 0:00:02]} 31. Qxc7+ {[%emt 0:00:01]} Kh6 {[%emt 0:00:00]} 32. Qxc5 {[%emt 0:00:01]} Kg7 {[%emt 0:00:02]} 33. Qc7+ {[%emt 0:00:02]} Kh6 {[%emt 0:00:01]} 34. g4 {[%emt 0:00:01] Haxhi Baha resigns (Lag: Av=0.85s, max=1.2s)} 1-0

[Event "Stay Safe Play From Home 175"]
[Site "T#646355Emanuel Laske"]
[Date "2020.05.26"]
[Round "3"]
[White "Grizzzly"]
[Black "NeatFox"]
[Result "1-0"]
[WhiteElo "1653"]
[BlackElo "1776"]
[Annotator "NA RC"]
[PlyCount "145"]
[EventDate "2020.05.26"]
[EventType "swiss (blitz)"]

1. d4 {[%emt 0:00:01]} b6 {[%emt 0:00:01]} 2. c3 {[%emt 0:00:00]} Bb7 {[%emt 0:00:00]} 3. Nf3 {[%emt 0:00:01]} Nf6 {[%emt 0:00:00]} 4. Bf4 {[%emt 0:00:01]} g6 {[%emt 0:00:00]} 5. e3 {[%emt 0:00:00]} Bg7 {[%emt 0:00:00]} 6. Bd3 {[%emt 0:00:00]} O-O {[%emt 0:00:00]} 7. Nbd2 {[%emt 0:00:01]} d6 {[%emt 0:00:00]} 8. Qe2 {[%emt 0:00:00]} Nbd7 {[%emt 0:00:00]} 9. O-O {[%emt 0:00:01]} e5 {[%emt 0:00:00]} 10. dxe5 {[%emt 0:00:01]} dxe5 {[%emt 0:00:00]} 11. Nxe5 {[%emt 0:00:01]} Nxe5 {[%emt 0:00:00]} 12. Bxe5 {[%emt 0:00:00]} Nd7 {[%emt 0:00:02]} 13. Bxg7 {[%emt 0:00:01]} Kxg7 {[%emt 0:00:01]} 14. Be4 {[%emt 0:00:01]} c6 {[%emt 0:00:01]} 15. Rac1 {[%emt 0:00:02]} Nf6 {[%emt 0:00:01]} 16. Rfd1 {[%emt 0:00:02]} Nxe4 {[%emt 0:00:01]} 17. Nxe4 {[%emt 0:00:00]} Qe7 {[%emt 0:00:01]} 18. Nd6 {[%emt 0:00:01]} Rab8 {[%emt 0:00:05]} 19. Qd2 {[%emt 0:00:02]} f6 {[%emt 0:00:01]} 20. Nxb7 {[%emt 0:00:02]} Rxb7 {[%emt 0:00:01]} 21. Qd6 {[%emt 0:00:01]} Qxd6 {[%emt 0:00:01]} 22. Rxd6 {[%emt 0:00:01]} Rff7 {[%emt 0:00:00]} 23. Rcd1 {[%emt 0:00:01]} c5 {[%emt 0:00:00]} 24. Rc6 {[%emt 0:00:01]} Rfd7 {[%emt 0:00:02]} 25. Rcd6 {[%emt 0:00:01]} Rxd6 {[%emt 0:00:01]} 26. Rxd6 {[%emt 0:00:01]} f5 {[%emt 0:00:00]} 27. Kf1 {[%emt 0:00:01]} Kf7 {[%emt 0:00:02]} 28. Ke2 {[%emt 0:00:01]} Ke7 {[%emt 0:00:00]} 29. Rd3 {[%emt 0:00:01]} Rd7 {[%emt 0:00:01]} 30. Rxd7+ {[%emt 0:00:01]} Kxd7 {[%emt 0:00:00]} 31. Kd3 {[%emt 0:00:00]} Kd6 {[%emt 0:00:00]} 32. Kc4 {[%emt 0:00:00]} Ke5 {[%emt 0:00:01]} 33. b4 {[%emt 0:00:00]} cxb4 {[%emt 0:00:01]} 34. cxb4 {[%emt 0:00:00]} g5 {[%emt 0:00:02]} 35. a4 {[%emt 0:00:00]} a6 {[%emt 0:00:01]} 36. a5 {[%emt 0:00:01]} bxa5 {[%emt 0:00:02]} 37. bxa5 {[%emt 0:00:01]} Kd6 {[%emt 0:00:01]} 38. Kd4 {[%emt 0:00:01]} h6 {[%emt 0:00:01]} 39. f4 {[%emt 0:00:01]} g4 {[%emt 0:00:01]} 40. g3 {[%emt 0:00:01]} h5 {[%emt 0:00:02]} 41. e4 {[%emt 0:00:00]} fxe4 {[%emt 0:00:00]} 42. Kxe4 {[%emt 0:00:01]} Kc5 {[%emt 0:00:01]} 43. f5 {[%emt 0:00:01]} Kb5 {[%emt 0:00:00]} 44. f6 {[%emt 0:00:00]} Kxa5 {[%emt 0:00:00]} 45. f7 {[%emt 0:00:00]} Kb4 {[%emt 0:00:00]} 46. f8=Q+ {[%emt 0:00:00]} Kb3 {[%emt 0:00:01]} 47. Qb8+ {[%emt 0:00:01]} Ka4 {[%emt 0:00:01]} 48. Qa7 {[%emt 0:00:01]} Ka5 {[%emt 0:00:01]} 49. Kd4 {[%emt 0:00:01]} Kb5 {[%emt 0:00:00]} 50. Kc3 {[%emt 0:00:01]} a5 {[%emt 0:00:01]} 51. Qb7+ {[%emt 0:00:02]} Kc5 {[%emt 0:00:01]} 52. Qb3 {[%emt 0:00:03]} h4 {[%emt 0:00:02]} 53. gxh4 {[%emt 0:00:01]} Kd6 {[%emt 0:00:01]} 54. Qa4 {[%emt 0:00:01]} Ke5 {[%emt 0:00:01]} 55. Qxa5+ {[%emt 0:00:01]} Kf4 {[%emt 0:00:00]} 56. Qg5+ {[%emt 0:00:01]} Kf3 {[%emt 0:00:00]} 57. h5 {[%emt 0:00:01]} g3 {[%emt 0:00:01]} 58. h6 {[%emt 0:00:00]} g2 {[%emt 0:00:00]} 59. Qh5+ {[%emt 0:00:02]} Kf2 {[%emt 0:00:01]} 60. Qf5+ {[%emt 0:00:01]} Ke1 {[%emt 0:00:02]} 61. Qg5 {[%emt 0:00:01]} Kf2 {[%emt 0:00:01]} 62. Qxg2+ {[%emt 0:00:00]} Kxg2 {[%emt 0:00:00]} 63. h7 {[%emt 0:00:00]} Kxh2 {[%emt 0:00:01]} 64. h8=Q+ {[%emt 0:00:00]} Kg3 {[%emt 0:00:00]} 65. Qf6 {[%emt 0:00:00]} Kg4 {[%emt 0:00:01]} 66. Kd3 {[%emt 0:00:00]} Kg3 {[%emt 0:00:00]} 67. Ke3 {[%emt 0:00:00]} Kg4 {[%emt 0:00:00]} 68. Qf4+ {[%emt 0:00:01]} Kh5 {[%emt 0:00:01]} 69. Qg3 {[%emt 0:00:01]} Kh6 {[%emt 0:00:01]} 70. Kf4 {[%emt 0:00:00]} Kh7 {[%emt 0:00:01]} 71. Kf5 {[%emt 0:00:00]} Kh8 {[%emt 0:00:00]} 72. Kf6 {[%emt 0:00:00]} Kh7 {[%emt 0:00:00]} 73. Qg7# {[%emt 0:00:01] (Lag: Av=0.46s, max=1.4s)} 1-0

[Event "Stay Safe Play From Home 175"]
[Site "T#646355Emanuel Laske"]
[Date "2020.05.26"]
[Round "4"]
[White "AChessPlayer"]
[Black "Lamborghini"]
[Result "0-1"]
[WhiteElo "2438"]
[BlackElo "2186"]
[Annotator "TA"]
[PlyCount "52"]
[EventDate "2020.05.26"]
[EventType "swiss (blitz)"]

{[%evp 9,52,5,7,8,33,0,0,0,0,0,0,0,15,-6,6,16,14,10,20,0,11,-47,-39,-56,-56,-189,-175,-189,-225,-223,-227,-201,-121,-525,652,648,648,618,29995,29995,29997,29998,29998,-1873,-1827]} 1. d4 Nf6 2. Bf4 g6 3. Nc3 Bg7 4. e3 d6 5. h4 h5 6. Nf3 {A45: Trompowsky Attack.} Bg4 7. Be2 {[#]} c6 $146 ({Predecessor:} 7... O-O 8. Nh2 Bxe2 9. Qxe2 Nbd7 10. g4 e5 11. dxe5 dxe5 12. Bg5 Qe7 13. e4 c6 {0-1 (43) Schmitt,W (1745)-Konsek,P (1940) Roethenbach 1996}) 8. Ng5 {The position is equal.} Qb6 9. Rb1 Bxe2 10. Qxe2 Nbd7 {[%cal Bb8d7,Bd7e5,Be5c4][%mdl 32]} 11. a3 e5 12. dxe5 Nxe5 13. O-O O-O 14. Rfd1 Rad8 15. Rd4 (15. Bxe5 $11 dxe5 16. b4) 15... Rfe8 16. b4 d5 17. Rbd1 {[#]} ({Better is} 17. Na4 $15 Qc7 18. Nc5) 17... Nc4 $1 $19 18. Rxc4 dxc4 19. Rxd8 Qxd8 20. Qxc4 Nd5 21. Bg3 $2 {[%mdl 8192]} (21. Nce4 $17) 21... Nxc3 $4 {[%mdl 8192]} (21... Bxc3 $19 22. e4 Bf6 23. exd5 Qxd5 24. Qxd5 cxd5) 22. Qxf7+ $18 {[%mdl 64] [#] Double Attack} Kh8 {...Ne4 is the strong threat.} 23. Qxg6 {[%csl Gg5][%cal Rg6h7]} Qd1+ 24. Kh2 {[%csl Gg5][%cal Rg6h7]} Kg8 25. Qf7+ Kh8 26. Qxh5+ $4 {[%mdl 8192]} (26. Qxe8+ {is the narrow road to win.} Bf8 27. Qxf8#) 26... Qxh5 {Accuracy: White = 52%, Black = 63%.} 0-1

[Event "Stay Safe Play From Home 175"]
[Site "T#646355Emanuel Laske"]
[Date "2020.05.26"]
[Round "4"]
[White "Mepe_Nika"]
[Black "Haris kollari 13"]
[Result "1-0"]
[WhiteElo "2281"]
[BlackElo "1694"]
[Annotator "NA"]
[PlyCount "61"]
[EventDate "2020.05.26"]
[EventType "swiss (blitz)"]

1. d4 {[%emt 0:00:01]} e6 {[%emt 0:00:00]} 2. Bf4 {[%emt 0:00:01]} d5 {[%emt 0:00:00]} 3. e3 {[%emt 0:00:01]} c5 {[%emt 0:00:01]} 4. c3 {[%emt 0:00:01]} Nc6 {[%emt 0:00:01]} 5. Nd2 {[%emt 0:00:01]} Bd7 {[%emt 0:00:02]} 6. Ngf3 {[%emt 0:00:01]} f5 {[%emt 0:00:01]} 7. Bd3 {[%emt 0:00:01]} c4 {[%emt 0:00:01]} 8. Bc2 {[%emt 0:00:01]} Nf6 {[%emt 0:00:01]} 9. b3 {[%emt 0:00:01]} b5 {[%emt 0:00:01]} 10. a4 {[%emt 0:00:01]} a6 {[%emt 0:00:01]} 11. axb5 {[%emt 0:00:01]} axb5 {[%emt 0:00:01]} 12. bxc4 {[%emt 0:00:00]} bxc4 {[%emt 0:00:02]} 13. O-O {[%emt 0:00:01]} Be7 {[%emt 0:00:01]} 14. Ne5 {[%emt 0:00:01]} O-O {[%emt 0:00:02]} 15. f3 {[%emt 0:00:01]} h6 {[%emt 0:00:03]} 16. e4 {[%emt 0:00:01]} fxe4 {[%emt 0:00:02]} 17. fxe4 {[%emt 0:00:00]} g5 {[%emt 0:00:04]} 18. Bg3 {[%emt 0:00:01]} h5 {[%emt 0:00:02]} 19. Rxa8 {[%emt 0:00:06]} Qxa8 {[%emt 0:00:05]} 20. Rxf6 {[%emt 0:00:00]} Rxf6 {[%emt 0:00:10]} 21. Nxd7 {[%emt 0:00:01]} h4 {[%emt 0:00:01]} 22. Be5 {[%emt 0:00:03]} Rf7 {[%emt 0:00:05]} 23. Qh5 {[%emt 0:00:01]} Nxe5 {[%emt 0:00:05]} 24. Nxe5 {[%emt 0:00:03]} Rg7 {[%emt 0:00:01]} 25. Qd1 {[%emt 0:00:06]} Qa3 {[%emt 0:00:01]} 26. exd5 {[%emt 0:00:03]} Qxc3 {[%emt 0:00:01]} 27. Ndf3 {[%emt 0:00:04]} exd5 {[%emt 0:00:02]} 28. Qd2 {[%emt 0:00:03]} Qa1+ {[%emt 0:00:02]} 29. Qe1 {[%emt 0:00:01]} Qc3 {[%emt 0:00:01]} 30. Kh1 {[%emt 0:00:00]} Bd6 {[%emt 0:00:01]} 31. Qxc3 {[%emt 0:00:01] Time (Lag: Av=0.42s, max=0.7s)} 1-0

[Event "Stay Safe Play From Home 175"]
[Site "T#646355Emanuel Laske"]
[Date "2020.05.26"]
[Round "4"]
[White "Toosieslide"]
[Black "Tolka"]
[Result "1-0"]
[WhiteElo "2280"]
[BlackElo "2217"]
[Annotator "RC"]
[PlyCount "99"]
[EventDate "2020.05.26"]
[EventType "swiss (blitz)"]

1. d4 {[%emt 0:00:03]} d6 {[%emt 0:00:00]} 2. c4 {[%emt 0:00:01]} e5 {[%emt 0:00:01]} 3. Nc3 {[%emt 0:00:01]} exd4 {[%emt 0:00:01]} 4. Qxd4 {[%emt 0:00:00]} Nc6 {[%emt 0:00:01]} 5. Qd2 {[%emt 0:00:00]} Be6 {[%emt 0:00:02]} 6. b3 {[%emt 0:00:01]} a5 {[%emt 0:00:02]} 7. Bb2 {[%emt 0:00:01]} a4 {[%emt 0:00:01]} 8. Nf3 {[%emt 0:00:00]} axb3 {[%emt 0:00:02]} 9. axb3 {[%emt 0:00:00]} Rxa1+ {[%emt 0:00:01]} 10. Bxa1 {[%emt 0:00:00]} Nf6 {[%emt 0:00:01]} 11. e3 {[%emt 0:00:01]} Be7 {[%emt 0:00:01]} 12. Bd3 {[%emt 0:00:00]} O-O {[%emt 0:00:05]} 13. O-O {[%emt 0:00:01]} Qa8 {[%emt 0:00:01]} 14. Bb2 {[%emt 0:00:01]} Qa5 {[%emt 0:00:01]} 15. Ra1 {[%emt 0:00:01]} Qh5 {[%emt 0:00:01]} 16. Be2 {[%emt 0:00:03]} Qg6 {[%emt 0:00:02]} 17. Nd4 {[%emt 0:00:02]} Nxd4 {[%emt 0:00:01]} 18. exd4 {[%emt 0:00:00]} c6 {[%emt 0:00:04]} 19. Kh1 {[%emt 0:00:03]} Ng4 {[%emt 0:00:03]} 20. Bxg4 {[%emt 0:00:02]} Qxg4 {[%emt 0:00:00]} 21. h3 {[%emt 0:00:01]} Qh5 {[%emt 0:00:03]} 22. Ne2 {[%emt 0:00:01]} Bxh3 {[%emt 0:00:02]} 23. gxh3 {[%emt 0:00:02]} Qxh3+ {[%emt 0:00:01]} 24. Kg1 {[%emt 0:00:00]} Qxb3 {[%emt 0:00:02]} 25. Qc3 {[%emt 0:00:02]} Qb6 {[%emt 0:00:04]} 26. Re1 {[%emt 0:00:01]} Bf6 {[%emt 0:00:01]} 27. Ng3 {[%emt 0:00:01]} g6 {[%emt 0:00:02]} 28. Ne4 {[%emt 0:00:02]} Bg7 {[%emt 0:00:01]} 29. Nxd6 {[%emt 0:00:01]} Qd8 {[%emt 0:00:01]} 30. c5 {[%emt 0:00:01]} Qg5+ {[%emt 0:00:02]} 31. Qg3 {[%emt 0:00:00]} Qd5 {[%emt 0:00:01]} 32. Qg2 {[%emt 0:00:02]} Qb3 {[%emt 0:00:01]} 33. Bc1 {[%emt 0:00:02]} Qd3 {[%emt 0:00:02]} 34. Be3 {[%emt 0:00:01]} Qc3 {[%emt 0:00:01]} 35. Nxb7 {[%emt 0:00:01]} Qxe1+ {[%emt 0:00:01]} 36. Qf1 {[%emt 0:00:00]} Qb4 {[%emt 0:00:02]} 37. Nd6 {[%emt 0:00:03]} Bxd4 {[%emt 0:00:01]} 38. Bxd4 {[%emt 0:00:01]} Qxd4 {[%emt 0:00:00]} 39. Qc1 {[%emt 0:00:00]} Qf6 {[%emt 0:00:01]} 40. Qe3 {[%emt 0:00:01]} Kg7 {[%emt 0:00:01]} 41. Ne4 {[%emt 0:00:01]} Qe5 {[%emt 0:00:01]} 42. Kg2 {[%emt 0:00:01]} Re8 {[%emt 0:00:00]} 43. f3 {[%emt 0:00:01]} f5 {[%emt 0:00:00]} 44. Qg5 {[%emt 0:00:02]} fxe4 {[%emt 0:00:01]} 45. Qg4 {[%emt 0:00:00]} exf3+ {[%emt 0:00:01]} 46. Kh3 {[%emt 0:00:01]} Qe2 {[%emt 0:00:00]} 47. Qd7+ {[%emt 0:00:01]} Qe7 {[%emt 0:00:00]} 48. Qd4+ {[%emt 0:00:01]} Qf6 {[%emt 0:00:01]} 49. Qd7+ {[%emt 0:00:01]} Re7 {[%emt 0:00:00]} 50. Qxe7+ {[%emt 0:00:01] Czas (Lag: Av=0.49s, max=1.0s)} 1-0

[Event "Stay Safe Play From Home 175"]
[Site "T#646355Emanuel Laske"]
[Date "2020.05.26"]
[Round "4"]
[White "SoulofWolf"]
[Black "Lazieri3"]
[Result "1-0"]
[WhiteElo "2207"]
[BlackElo "2104"]
[Annotator "TA"]
[PlyCount "95"]
[EventDate "2020.05.26"]
[EventType "swiss (blitz)"]

{[%evp 9,95,-14,0,0,0,0,34,0,53,52,41,-12,48,-43,-14,-88,-86,-81,-56,-66,12,-118,-113,-129,-143,-135,-103,-201,-142,-150,-141,-172,-139,-153,-167,-199,-191,-191,-191,-306,-301,-310,-327,-301,-291,-277,-281,-251,-258,-406,-417,-569,-421,-418,-412,-391,-83,-90,404,-29,-31,-57,0,-618,-579,-572,-534,-579,-572,-572,-516,-565,-565,-561,-548,-483,0,-526,-499,-599,-584,-705,-704,-3037,-1057,-5835,-5944,-29976]} 1. f4 c6 2. d3 d5 3. Nc3 Nf6 4. Nf3 Bg4 5. e3 e6 6. h3 {A02: Bird's Opening.} Bxf3 7. Qxf3 {[#]} Nbd7 $146 ({Predecessor:} 7... Bd6 8. e4 dxe4 9. dxe4 Bc7 10. Bd2 Nbd7 11. g4 g6 12. O-O-O Qe7 13. Bg2 e5 {½-½ (26) Goetz,H (2112)-Werner,T (1930) Nuremberg 2011}) 8. g4 {White is slightly better.} Bd6 ({Black should play} 8... Qb6 $11) 9. g5 Ng8 10. Bg2 (10. Bd2 $14) 10... e5 (10... h6 $11) 11. b3 (11. Bd2 $14) 11... Qe7 12. Bb2 (12. Ne2 $11 {keeps the balance.}) 12... exf4 $17 13. O-O-O fxe3 14. Rde1 O-O-O {[#]} (14... Qxg5 $15 15. h4 Qh6) 15. Rxe3 (15. Nxd5 $1 $11 {[%mdl 512]} Qxg5 (15... cxd5 16. Bxg7) 16. Nxe3) 15... Qxg5 {And now ...Bf4 would win.} 16. Kb1 Ngf6 17. h4 Qg4 18. Qh3 (18. Bh3 $17 {is a better defense.} Qxf3 19. Rxf3) 18... Qxh3 19. Bxh3 Rde8 20. Rf3 Kc7 21. Rhf1 Ne5 22. R3f2 h5 23. Nd1 Neg4 24. Bxg4 (24. Rf5 $142) 24... hxg4 $19 25. Bxf6 gxf6 26. Rxf6 Rxh4 27. Rxf7+ Re7 28. Rxe7+ Bxe7 {[%mdl 4096] Endgame KRB-KRN} 29. Rf7 (29. Ne3 {was necessary.}) 29... Kd6 {aiming for ...Rh1.} 30. Rg7 Rh1 31. Kc1 Ke6 32. Rxg4 Ba3+ $2 (32... Kf5 $19 33. Rg8 Bg5+ 34. Rxg5+ Kxg5) 33. Kd2 $17 Bb4+ $2 {[%mdl 8192]} (33... Rh2+ $17 {and life is bright.} 34. Kc3 c5) 34. Ke2 $2 (34. Rxb4 $18 Rh2+ 35. Kc1) 34... Re1+ 35. Kf3 Rxd1 $15 {KRB-KR} (35... a5 $15 36. Ne3 Bd2) 36. Rg7 $2 {[%mdl 8192]} (36. Rxb4 $11 b6 37. Rg4) 36... Be7 37. Rg6+ Kd7 38. Ke3 Ra1 39. a4 Rf1 40. Ke2 Rh1 41. Rg2 Bd6 42. Rg7+ Be7 $2 ({Better is} 42... Kc8 $19 {...Rh2+ is the strong threat.} 43. Rg2 Bb4) 43. Kd2 $2 {[%mdl 8192]} (43. Rg2 $1 $11 {and White stays safe.} Bf6 44. Kd2) 43... Rh2+ {Black is clearly winning.} 44. Kc3 Ke6 {[#] Hoping for ...Bf6+.} 45. Rg6+ Bf6+ 46. Kb4 b6 47. a5 Kf5 48. axb6 {[%mdl 32768] Accuracy: White = 32%, Black = 42%. . Loss on time!?} 1-0